Central Library OPAC University of Rajshahi

The theory of gambling and statistical logic / (Record no. 7633)

MARC details
000 -LEADER
fixed length control field 00798cam a22002651a 4500
001 - CONTROL NUMBER
control field 7633
003 - CONTROL NUMBER IDENTIFIER
rucl marc code BD-RjUL
005 - DATE AND TIME OF LATEST TRANSACTION
control field 20211208234441.0
008 - FIXED-LENGTH DATA ELEMENTS--GENERAL INFORMATION
fixed length control field 110115s19691967nyua b 001 0 eng
035 ## - SYSTEM CONTROL NUMBER
System control number (BD-RjUL)7677
System control number 2052450
040 ## - CATALOGING SOURCE
Original cataloging agency LC
Language of cataloging eng
Transcribing agency LC
Modifying agency LC
-- BD-RjUL
041 ## - LANGUAGE CODE
Language code of text/sound track or separate title eng
082 00 - DEWEY DECIMAL CLASSIFICATION NUMBER
Classification number 519
Author mark and year EPT 1969
100 1# - MAIN ENTRY--PERSONAL NAME
Personal name Epstein, Richard A.,
Dates associated with a name 1927-
9 (RLIN) 23801
245 14 - TITLE STATEMENT
Title The theory of gambling and statistical logic /
Statement of responsibility, etc. Richard A. Epstein.
260 ## - PUBLICATION, DISTRIBUTION, ETC. (IMPRINT)
Place of publication, distribution, etc. New York :
Name of publisher, distributor, etc. Academic Press,
Date of publication, distribution, etc. c1967 [Printing 1969].
300 ## - PHYSICAL DESCRIPTION
Pagination xiii, 492 p. :
Illustrations illus. ;
Size 25 cm.
504 ## - BIBLIOGRAPHY, ETC. NOTE
Bibliography, etc Includes bibliographies and index.
650 #0 - SUBJECT ADDED ENTRY--TOPICAL TERM
Topical term or geographic name as entry element Games of chance (Mathematics).
9 (RLIN) 23802
Topical term or geographic name as entry element Statistical decision.
9 (RLIN) 23803
942 ## - ADDED ENTRY ELEMENTS (KOHA)
Source of classification or shelving scheme Dewey Decimal Classification
Koha item type Books
Holdings
Lost status Source of classification or shelving scheme Damaged status Not for loan Collection code Permanent Location Current Location Shelving location Date acquired Source of acquisition Cost, normal purchase price Total Checkouts Full call number Date last seen Copy number Koha item type
  Dewey Decimal Classification   Not For Loan Non-fiction Central Library, University of Rajshahi Central Library, University of Rajshahi   24/07/1971 Zeitlinger 80.00   519 EPT 1969 15/01/2014 C-1 Books